000 00467nam a2200181Ia 4500
008 230524s9999 xx 000 0 und d
020 _a9788131501122
082 _a5.133
_bFOR
100 _aBehrouz A.Forouzan
245 0 _aComputer Science: A Structured Approach Using C++
250 _aIST
260 _aNEW DELHI
_bCengage
_c2009
300 _aXXX;1009
500 _aQuantity Number: 15
650 _aComp-Sc
700 _a Richard F.Gilberg
942 _cBK
999 _c46443
_d46443